000 00332nam a22001457a 4500
003 OSt
005 20160727222359.0
008 160623b xxu||||| |||| 00| 0 eng d
040 _cTest
100 _9635
_aMisra, O. K
245 _aThe Golden Light
260 _aDelhi
_b Navdeep
_c1999
300 _aThe Golden Light
942 _2ddc
_cBK
999 _c519
_d519